00785nam a2200205 a 4500008004100000020001500041050001500056100003500071245004900106250001200155260003200167300003500199350000900234500004000243650002700283650004400310995008500354999001700439952012300456060316s1975 ||||||||||||||||| || u a0240508246 aTR 210 Mas aMason, Leslie Frederick Alfred10aPhotographic processing chemistry. (2nd ed.) a2nd ed. aLondon :bFocal Pressc1975 a326 p., 4 p. of plates : ill.  a0.00 aIncludes bibliographical references aPHOTOGRAPHIC CHEMISTRY aPHOTOGRAPHY - DEVELOPING AND DEVELOPERS D0.00FCBU-MAIN LIBRARY (Kitwe)H1I18.50UAVAILABLEZAnnex Low-Usage Collection  c53522d53522 00102lcc4070a001b001cAnnex Low-Usage Collection d2022-11-30l0oTR 210 Masp016961r2022-11-30w2022-11-30y002